A Szegedi egyetemé három első, második és harmadik helyezés A rangsort is nézik a diákok

Elmentve itt :
Bibliográfiai részletek
Dokumentumtípus: Cikk
Megjelent: 2005-11-24
Sorozat:Délmagyarország
Kulcsszavak:Egyetemek rangsora, Shanghai-lista
Online Access:http://univ.bibl.u-szeged.hu/29158
LEADER 00516nab a2200157 i 4500
001 univ29158
005 20171214104436.0
008 171214s2005 hu o 0|| zxx d
040 |a SZTE UnivHistória Repozitórium  |b hun 
041 |a zxx 
245 0 2 |a A Szegedi egyetemé három első, második és harmadik helyezés   |h [elektronikus dokumentum] :  |b A rangsort is nézik a diákok 
260 |c 2005-11-24 
300 |a 7 
490 0 |a Délmagyarország 
561 |a Egyetemi hirarchívum 
695 |a Egyetemek rangsora, Shanghai-lista